[Event "4NCL Division 3 North"]
[Site "Doncaster, ENG"]
[Date "2017.11.12"]
[Round "2.11"]
[White "White, Mark W"]
[Black "Paterson, Andrew I"]
[Result "1-0"]
[WhiteElo "2026"]
[BlackElo "2095"]
[PlyCount "101"]
[EventDate "2017.11.12"]
[WhiteTeam "Jorvik"]
[BlackTeam "Warwickshire Select 2"]

1. e4 c5 2. Nf3 Nc6 3. d4 cxd4 4. Nxd4 e5 5. Nb5 d6 6. N1c3 a6 7. Na3 f5 8. Bd3
f4 9. g3 Nf6 10. gxf4 exf4 11. Bxf4 Be7 12. Nc4 O-O 13. Nxd6 Ng4 14. Nxc8 Rxf4
15. Bc4+ Kh8 16. Qxd8+ Bxd8 17. Nd6 Nce5 18. Be2 Nxf2 19. O-O Rf6 20. Nd5 Rg6+
21. Kxf2 Rxd6 22. Kg2 Bb6 23. Rf5 Re8 24. Raf1 g6 25. Rf8+ Rxf8 26. Rxf8+ Kg7
27. Rb8 Kh6 28. Rxb7 Bd8 29. Ra7 a5 30. c3 Nd7 31. Ra8 Nf6 32. Nxf6 Bxf6 33.
Rxa5 Rd2 34. Kf3 Rxb2 35. e5 Bg7 36. Ke3 Kg5 37. h3 Bf8 38. Kd3 h5 39. a4 Kf5
40. Bf3 Rh2 41. Be4+ Ke6 42. Bxg6 Rxh3+ 43. Kd4 Rh1 44. Ra6+ Ke7 45. Bd3 Rd1
46. Ke4 h4 47. Ra7+ Kd8 48. Rh7 Ra1 49. Bb5 Be7 50. Kd5 Rg1 51. a5 1-0

[Event "4NCL Division 3 North"]
[Site "Doncaster, ENG"]
[Date "2017.11.12"]
[Round "2.12"]
[White "Page, Mark E"]
[Black "Hodge, Steve R"]
[Result "1/2-1/2"]
[WhiteElo "2121"]
[BlackElo "2027"]
[PlyCount "140"]
[EventDate "2017.11.12"]
[WhiteTeam "Warwickshire Select 2"]
[BlackTeam "Jorvik"]

1. e4 c5 2. Nf3 Nc6 3. Bb5 g6 4. O-O Bg7 5. Re1 Nf6 6. c3 O-O 7. e5 Nd5 8. d4
cxd4 9. cxd4 Nc7 10. Bxc6 dxc6 11. h3 Be6 12. Nc3 Bd5 13. Be3 f6 14. Nxd5 Qxd5
15. Qa4 Qb5 16. Qc2 Nd5 17. a4 Qa5 18. b4 Qd8 19. Qc4 Qd7 20. Rab1 Rac8 21. b5
cxb5 22. Qxb5 Qxb5 23. Rxb5 Nxe3 24. Rxe3 b6 25. a5 fxe5 26. dxe5 Rc1+ 27. Re1
Rfc8 28. axb6 Rxe1+ 29. Nxe1 axb6 30. f4 Bh6 31. g3 Rb8 32. Nf3 e6 33. Nd4 Kf7
34. Nc6 Rc8 35. Rxb6 Bf8 36. Kg2 h5 37. Nd4 Re8 38. Kf3 Bc5 39. Rb7+ Re7 40.
Rxe7+ Kxe7 41. Ke4 Ba3 42. Nf3 Bc5 43. Nh4 Kf7 44. Kf3 Bb6 45. g4 hxg4+ 46.
Kxg4 Bd8 47. Nf3 Bb6 48. Ng5+ Ke7 49. Nh7 Kf7 50. Nf6 Kg7 51. Nd7 Bd8 52. Nb8
Bc7 53. Nc6 Bb6 54. Kg5 Bc7 55. Nd4 Bd8+ 56. Kg4 Kf7 57. Nf3 Bb6 58. Ng5+ Ke7
59. h4 Ba5 60. Ne4 Kf7 61. h5 gxh5+ 62. Kxh5 Bb4 63. Kh6 Ba3 64. Ng5+ Ke7 65.
Kg6 Bc1 66. Nh3 Be3 67. f5 exf5 68. Kxf5 Bd4 69. e6 Be3 70. Ke5 Bd4+ 1/2-1/2

[Event "4NCL Division 3 North"]
[Site "Doncaster, ENG"]
[Date "2017.11.12"]
[Round "2.13"]
[White "Mounce, Richard B"]
[Black "McCumiskey, Andrew P"]
[Result "1/2-1/2"]
[WhiteElo "1994"]
[BlackElo "2080"]
[PlyCount "60"]
[EventDate "2017.11.12"]
[WhiteTeam "Jorvik"]
[BlackTeam "Warwickshire Select 2"]

1. e4 d6 2. d4 g6 3. Nc3 Bg7 4. Nf3 Nc6 5. Bc4 e5 6. dxe5 Nxe5 7. Nxe5 Bxe5 8.
Qf3 Be6 9. Bxe6 fxe6 10. Bd2 Qf6 11. Qxf6 Nxf6 12. f3 O-O-O 13. O-O-O Rhf8 14.
Ne2 Nd7 15. Bg5 Bf6 16. h4 Ne5 17. Nd4 Rde8 18. Bxf6 Rxf6 19. Rh3 Nc4 20. Rhh1
e5 21. Nb3 a5 22. Rd3 b5 23. Nd2 Nxd2 24. Kxd2 Kb7 25. Ke2 Rd8 26. Rhd1 c5 27.
c3 Kc7 28. b3 Rf4 29. g3 Rf6 30. R1d2 Rdf8 1/2-1/2

[Event "4NCL Division 3 North"]
[Site "Doncaster, ENG"]
[Date "2017.11.12"]
[Round "2.14"]
[White "Purcell, Philip"]
[Black "Nezis, Anastasios"]
[Result "1-0"]
[WhiteElo "2057"]
[BlackElo "1921"]
[PlyCount "123"]
[EventDate "2017.11.12"]
[WhiteTeam "Warwickshire Select 2"]
[BlackTeam "Jorvik"]

1. d4 d6 2. e4 Nf6 3. f3 c5 4. Ne2 cxd4 5. Nxd4 a6 6. c4 g6 7. Nc3 Bg7 8. Be3
O-O 9. Be2 Nc6 10. O-O Bd7 11. Qd2 Rb8 12. a4 Ne8 13. Nc2 Na5 14. Ra3 Be6 15.
b3 Rc8 16. Nd4 Nc6 17. f4 Bd7 18. Nd5 e6 19. Nc3 Qa5 20. Ra2 e5 21. Nxc6 bxc6
22. fxe5 Bxe5 23. Bd4 Bxd4+ 24. Qxd4 Qe5 25. Qxe5 dxe5 26. b4 Be6 27. Rd2 Kg7
28. Rfd1 Rb8 29. b5 axb5 30. axb5 cxb5 31. cxb5 Nf6 32. Rb1 Rfc8 33. Rd3 Bc4
34. Re3 Bxe2 35. Nxe2 Rc5 36. Nc3 Rbc8 37. Rb3 Ng4 38. Rd3 Nf6 39. b6 R5c6 40.
b7 Rb8 41. Rd1 Rxc3 42. Rxc3 Rxb7 43. Rc4 h5 44. Re1 Rb5 45. g3 Ra5 46. Re2 Ng4
47. h3 Ra1+ 48. Kg2 Ra2 49. Rxa2 Ne3+ 50. Kf3 Nxc4 51. Rc2 Nd6 52. Rc6 Ne8 53.
Ke3 g5 54. Kd3 f6 55. Kc4 g4 56. h4 Kf7 57. Kd5 Ng7 58. Rc7+ Kg6 59. Re7 Kh6
60. Kd6 Kg6 61. Ra7 Ne8+ 62. Ke7 1-0

[Event "4NCL Division 3 North"]
[Site "Doncaster, ENG"]
[Date "2017.11.12"]
[Round "2.15"]
[White "Cowan, Richard M"]
[Black "Green, Anthony J"]
[Result "1-0"]
[WhiteElo "1851"]
[BlackElo "2016"]
[PlyCount "55"]
[EventDate "2017.11.12"]
[WhiteTeam "Jorvik"]
[BlackTeam "Warwickshire Select 2"]

1. Nf3 d5 2. c4 d4 3. b4 c5 4. Bb2 f6 5. bxc5 Nc6 6. e3 e5 7. exd4 exd4 8. Qe2+
Kf7 9. Qe4 Bxc5 10. Qd5+ Qxd5 11. cxd5 Nb4 12. Na3 Nxd5 13. Bc4 Nge7 14. Rc1 b6
15. Nb5 Bb7 16. O-O Rhd8 17. Rfe1 Rd7 18. Nbxd4 Bxd4 19. Nxd4 Kg6 20. Bb5 Rdd8
21. Rxe7 Nxe7 22. Rc7 Bd5 23. Rxe7 Bxa2 24. Bd3+ f5 25. g4 Kg5 26. Bxf5 g6 27.
h4+ Kxh4 28. Nf3+ 1-0

[Event "4NCL Division 3 North"]
[Site "Doncaster, ENG"]
[Date "2017.11.12"]
[Round "2.16"]
[White "Patel, Devan"]
[Black "Anderson, Paul W"]
[Result "1/2-1/2"]
[WhiteElo "1795"]
[BlackElo "1783"]
[PlyCount "33"]
[EventDate "2017.11.12"]
[WhiteTeam "Warwickshire Select 2"]
[BlackTeam "Jorvik"]

1. d4 d5 2. Nf3 Nf6 3. Bf4 Bg4 4. Nbd2 Nbd7 5. e3 e6 6. h3 Bh5 7. Be2 h6 8. O-O
Bd6 9. Ne5 Bxe2 10. Qxe2 Qe7 11. Nxd7 Nxd7 12. Bxd6 Qxd6 13. Rac1 O-O 14. Rfd1
Rfe8 15. Nf3 c6 16. c4 Rac8 17. a3 1/2-1/2

[Event "4NCL Division 3 North"]
[Site "Doncaster, ENG"]
[Date "2017.11.12"]
[Round "2.21"]
[White "Rutter, Nick J"]
[Black "Watson, Phil R"]
[Result "1-0"]
[WhiteElo "2245"]
[BlackElo "2184"]
[PlyCount "81"]
[EventDate "2017.11.12"]
[WhiteTeam "Shropshire 1"]
[BlackTeam "Bradford DCA Knights A"]

1. e4 c6 2. d4 d5 3. exd5 cxd5 4. c4 Nf6 5. Nc3 g6 6. Qb3 Bg7 7. cxd5 O-O 8.
Nge2 b6 9. g3 Bb7 10. Bg2 Qd7 11. O-O Rd8 12. d6 Bxg2 13. dxe7 Bxf1 14. exd8=Q+
Qxd8 15. Kxf1 Nc6 16. d5 Na5 17. Qb5 Rc8 18. Bg5 Nc4 19. Ne4 Nd6 20. Nxd6 Qxd6
21. Bxf6 Qxf6 22. Rd1 Qf3 23. d6 Rd8 24. d7 Bf6 25. Rd3 Qh1+ 26. Ng1 Qb7 27.
Rd2 h5 28. Qd3 Qc6 29. b3 h4 30. gxh4 Bxh4 31. Nf3 Bf6 32. h4 Bxh4 33. Ne5 Qh1+
34. Ke2 Bf6 35. Ng4 Bg5 36. Rd1 Qh5 37. f3 f5 38. Qd5+ Kf8 39. Ne5 Qh2+ 40. Kd3
Kg7 41. Qf7+ 1-0

[Event "4NCL Division 3 North"]
[Site "Doncaster, ENG"]
[Date "2017.11.12"]
[Round "2.22"]
[White "Chapman, Julian R"]
[Black "Hurney, Kevin"]
[Result "0-1"]
[WhiteElo "2117"]
[BlackElo "2132"]
[PlyCount "100"]
[EventDate "2017.11.12"]
[WhiteTeam "Bradford DCA Knights A"]
[BlackTeam "Shropshire 1"]

1. c4 Nf6 2. g3 g6 3. Bg2 Bg7 4. Nc3 c5 5. a3 Nc6 6. Rb1 O-O 7. b4 cxb4 8. axb4
d6 9. d3 a5 10. bxa5 Rxa5 11. e4 Nd7 12. Nge2 f5 13. O-O fxe4 14. Nxe4 Nf6 15.
Nf4 Nxe4 16. Bxe4 e6 17. Be3 Qf6 18. Rb6 Rd8 19. Qb3 Ra1 20. Rxa1 Qxa1+ 21. Qb1
Qc3 22. Bxc6 bxc6 23. Rxc6 Qf6 24. Bb6 Re8 25. Rxd6 g5 26. Bd4 Qf8 27. Bxg7
Qxd6 28. Qb5 Re7 29. Be5 Qd8 30. Bf6 gxf4 31. Qg5+ Kf7 32. gxf4 Bb7 33. f5 exf5
34. Qg7+ Ke6 35. Bxe7 Qxe7 36. Qxe7+ Kxe7 37. d4 Ba6 38. c5 Ke6 39. Kg2 Kd5 40.
Kf3 Kxd4 41. Kf4 Bc8 42. Kg5 Kxc5 43. Kh6 Kd4 44. Kxh7 Ke4 45. Kg6 f4 46. Kg5
Bh3 47. Kh4 Bf1 48. Kg5 Kf3 49. h4 Bd3 50. h5 Bc2 0-1

[Event "4NCL Division 3 North"]
[Site "Doncaster, ENG"]
[Date "2017.11.12"]
[Round "2.23"]
[White "Bryant, Richard B E"]
[Black "Jennings, Roger W"]
[Result "1-0"]
[WhiteElo "2035"]
[BlackElo "2029"]
[PlyCount "75"]
[EventDate "2017.11.12"]
[WhiteTeam "Shropshire 1"]
[BlackTeam "Bradford DCA Knights A"]

1. e4 g6 2. d4 Bg7 3. c3 d6 4. Bg5 Nf6 5. Nd2 O-O 6. Bd3 Nc6 7. h3 e5 8. d5 Ne7
9. Ne2 Ne8 10. c4 f6 11. Be3 f5 12. f3 Nf6 13. Qb3 Nh5 14. Nc3 Nf4 15. Bf1 a6
16. c5 Kh8 17. cxd6 cxd6 18. Bb6 Qd7 19. Na4 fxe4 20. fxe4 Nexd5 21. exd5 Nxd5
22. Qxd5 Qxa4 23. Qc4 Qe8 24. Be2 Be6 25. Qb4 Bd5 26. Nf3 e4 27. Nd4 Qe5 28.
O-O-O Rf2 29. Kb1 a5 30. Qa3 Rc8 31. Nc6 Qf6 32. Bxf2 Qxf2 33. Ne7 Qxe2 34.
Nxc8 Bc4 35. Rxd6 Qxg2 36. Rd8+ Bg8 37. Rc1 e3 38. Qb3 1-0

[Event "4NCL Division 3 North"]
[Site "Doncaster, ENG"]
[Date "2017.11.12"]
[Round "2.24"]
[White "Bak, Christopher"]
[Black "Jamieson, Ian"]
[Result "1/2-1/2"]
[WhiteElo "2014"]
[BlackElo "2035"]
[PlyCount "51"]
[EventDate "2017.11.12"]
[WhiteTeam "Bradford DCA Knights A"]
[BlackTeam "Shropshire 1"]

1. e4 e6 2. d4 d5 3. e5 c5 4. c3 Nc6 5. Be3 cxd4 6. cxd4 Bd7 7. Nc3 Rc8 8. Bd3
Na5 9. Rc1 Nc4 10. Qe2 b5 11. Nf3 Nxe3 12. Qxe3 b4 13. Ne2 Be7 14. O-O g5 15.
Rxc8 Bxc8 16. Nd2 h5 17. f4 g4 18. f5 Bg5 19. Nf4 exf5 20. Qe2 Be6 21. Nb3 Bxf4
22. Rxf4 Qg5 23. Qf1 Ne7 24. Qc1 h4 25. Rf1 Qxc1 26. Nxc1 1/2-1/2

[Event "4NCL Division 3 North"]
[Site "Doncaster, ENG"]
[Date "2017.11.12"]
[Round "2.25"]
[White "Higgie, Charles L"]
[Black "Nicholson, Jim W R"]
[Result "1/2-1/2"]
[WhiteElo "2020"]
[BlackElo "2006"]
[PlyCount "73"]
[EventDate "2017.11.12"]
[WhiteTeam "Shropshire 1"]
[BlackTeam "Bradford DCA Knights A"]

1. d4 d5 2. c4 c6 3. Nf3 Nf6 4. Nc3 dxc4 5. e3 b5 6. a4 Qb6 7. axb5 cxb5 8. b3
e6 9. bxc4 bxc4 10. Bxc4 Bb4 11. Bd2 O-O 12. O-O a5 13. Ne5 Bb7 14. Na4 Qd6 15.
Bxb4 axb4 16. Nc5 Rxa1 17. Qxa1 Bd5 18. Rb1 Nc6 19. Qa6 Bxc4 20. Qxc6 Qxc6 21.
Nxc6 Ra8 22. h3 Nd5 23. e4 Nf4 24. Rxb4 Be2 25. Rb8+ Rxb8 26. Nxb8 Bb5 27. Kh2
Kf8 28. Nbd7+ Ke7 29. Ne5 f6 30. Nf3 Kd6 31. g3 Ne2 32. Nb3 Nc3 33. Nfd2 f5 34.
exf5 exf5 35. Kg2 Be2 36. Nc1 Kd5 37. Nxe2 1/2-1/2

[Event "4NCL Division 3 North"]
[Site "Doncaster, ENG"]
[Date "2017.11.12"]
[Round "2.26"]
[White "Bak, Andrew"]
[Black "Whyte, Brian G"]
[Result "0-1"]
[WhiteElo "1996"]
[BlackElo "1997"]
[PlyCount "60"]
[EventDate "2017.11.12"]
[WhiteTeam "Bradford DCA Knights A"]
[BlackTeam "Shropshire 1"]

1. e4 d6 2. Nc3 e5 3. Bc4 Be6 4. Bxe6 fxe6 5. Nf3 Nf6 6. Qe2 Nc6 7. Qb5 Qd7 8.
O-O O-O-O 9. d3 a6 10. Qa4 d5 11. Bg5 h6 12. Bh4 g5 13. Bg3 Bd6 14. exd5 exd5
15. d4 e4 16. Ne5 Bxe5 17. dxe5 Nh5 18. Rad1 Qe6 19. Qb3 Nxg3 20. hxg3 Na5 21.
Qa4 Nc4 22. Nxd5 b5 23. Ne7+ Kb7 24. Qb4 e3 25. fxe3 Qxe5 26. Rxd8 Rxd8 27. Nf5
Rd2 28. Qe7 Qxe7 29. Nxe7 Nxe3 30. Rf2 Rd1+ 0-1

[Event "4NCL Division 3 North"]
[Site "Doncaster, ENG"]
[Date "2017.11.12"]
[Round "2.31"]
[White "Dong, Bao Nghia"]
[Black "Jessel, Stephen"]
[Result "0-1"]
[WhiteElo "2143"]
[BlackElo "2340"]
[PlyCount "108"]
[EventDate "2017.11.12"]
[WhiteTeam "Ashfield-Breadsall 1"]
[BlackTeam "Gonzaga"]

1. d4 e6 2. Nf3 c5 3. c3 d5 4. Bf4 Nf6 5. e3 Nc6 6. Nbd2 cxd4 7. exd4 Nh5 8.
Be3 Bd6 9. Ne5 g6 10. Bb5 Qc7 11. Qa4 O-O 12. g4 Ng7 13. Bxc6 bxc6 14. g5 Nf5
15. Ndf3 c5 16. Ng4 Be7 17. dxc5 Nxe3 18. fxe3 e5 19. Nfxe5 Bxg5 20. h4 Bxg4
21. Nxg4 Qg3+ 22. Ke2 Bxe3 23. Nxe3 Rfe8 24. Qd4 Re4 25. Rag1 Qf4 26. Qd3 Rae8
27. Rh3 d4 28. cxd4 Rxd4 29. Qb3 Rb4 30. Rf1 Qg4+ 31. Kd2 Rxb3 32. Nxg4 Rd8+
33. Kc2 Rxh3 34. Nf6+ Kg7 35. Rf4 a5 36. a3 Rc8 37. Nd7 Rc7 38. Rd4 a4 39. Kb1
Rb3 40. Rd5 f5 41. Nb6 f4 42. Nxa4 f3 43. Rd2 h6 44. Rf2 g5 45. hxg5 hxg5 46.
Kc2 Re3 47. Kd2 Rce7 48. Nc3 g4 49. c6 R3e6 50. Kd3 Rd6+ 51. Kc4 Rxc6+ 52. Kd4
Rg6 53. Nd5 Rf7 54. Ke4 g3 0-1

[Event "4NCL Division 3 North"]
[Site "Doncaster, ENG"]
[Date "2017.11.12"]
[Round "2.32"]
[White "Delaney, Killian"]
[Black "Halfpenny, Glenn"]
[Result "1/2-1/2"]
[WhiteElo "2204"]
[BlackElo "2057"]
[PlyCount "91"]
[EventDate "2017.11.12"]
[WhiteTeam "Gonzaga"]
[BlackTeam "Ashfield-Breadsall 1"]

1. e4 c5 2. c3 d5 3. exd5 Qxd5 4. d4 Nc6 5. Nf3 e5 6. Nxe5 Nxe5 7. dxe5 Qxe5+
8. Be2 Bg4 9. Qa4+ Bd7 10. Qb3 O-O-O 11. Be3 Bc6 12. Nd2 Nf6 13. O-O-O Nd5 14.
Nc4 Qc7 15. Bf3 Be7 16. Bxd5 Bxd5 17. Rxd5 Rxd5 18. Nb6+ axb6 19. Qxd5 Bd6 20.
Rd1 Be5 21. Qe4 g6 22. Rd5 Bd6 23. Kc2 Qe7 24. Qa4 Rd8 25. Qc4 Bc7 26. Rxd8+
Kxd8 27. a4 Qd7 28. h3 Qf5+ 29. Qd3+ Qxd3+ 30. Kxd3 Kd7 31. Kc4 Kc6 32. b4 cxb4
33. cxb4 Bd6 34. b5+ Kc7 35. Kd5 Bf8 36. Bd4 h5 37. g4 hxg4 38. hxg4 Be7 39. f4
Bf8 40. f5 gxf5 41. gxf5 Bb4 42. Ke5 Be7 43. Bf2 Bg5 44. Bd4 Bd8 45. Kd5 Kd7
46. Be5 1/2-1/2

[Event "4NCL Division 3 North"]
[Site "Doncaster, ENG"]
[Date "2017.11.12"]
[Round "2.33"]
[White "Garnett, John S"]
[Black "Jackson, Carl"]
[Result "1-0"]
[WhiteElo "1921"]
[BlackElo "2134"]
[PlyCount "89"]
[EventDate "2017.11.12"]
[WhiteTeam "Ashfield-Breadsall 1"]
[BlackTeam "Gonzaga"]

1. c4 e5 2. g3 c6 3. Bg2 d5 4. cxd5 cxd5 5. d4 Bb4+ 6. Bd2 Bxd2+ 7. Qxd2 e4 8.
Nc3 Nf6 9. e3 O-O 10. Nge2 Nbd7 11. O-O Nb6 12. a4 Bg4 13. Rfc1 g5 14. b3 a5
15. Nb5 Bf3 16. Rc2 Bxg2 17. Kxg2 Ne8 18. Rac1 f5 19. Rc5 Rf7 20. Qc3 Kh8 21.
Nc7 Ra7 22. Nxe8 Qxe8 23. Rxa5 Rxa5 24. Qxa5 Qd8 25. Rc5 Qd6 26. Qb5 Rc7 27. a5
Nc8 28. Rxd5 Qe6 29. Rxf5 Nd6 30. Qe5+ Qxe5 31. Rxe5 Rc2 32. Ng1 g4 33. h3
gxh3+ 34. Nxh3 Kg8 35. Ng5 Rb2 36. Rd5 Ne8 37. Rb5 Nd6 38. Rb6 h6 39. Rxd6 hxg5
40. Rb6 Ra2 41. b4 Kf7 42. Rxb7+ Ke6 43. Rb6+ Kf5 44. a6 g4 45. b5 1-0

[Event "4NCL Division 3 North"]
[Site "Doncaster, ENG"]
[Date "2017.11.12"]
[Round "2.34"]
[White "Murray, David"]
[Black "Combie, Alex B"]
[Result "1-0"]
[WhiteElo "2128"]
[BlackElo "1966"]
[PlyCount "73"]
[EventDate "2017.11.12"]
[WhiteTeam "Gonzaga"]
[BlackTeam "Ashfield-Breadsall 1"]

1. e4 c5 2. Nf3 d6 3. d4 cxd4 4. Nxd4 Nf6 5. Nc3 a6 6. Bc4 e6 7. Bd3 b5 8. O-O
Be7 9. Qf3 Qb6 10. Be3 Qb7 11. Qg3 b4 12. Na4 Nbd7 13. f3 O-O 14. c4 bxc3 15.
bxc3 Ne5 16. Rab1 Rb8 17. Nb6 Nh5 18. Qh3 Qxb6 19. Qxh5 Qc7 20. Rbc1 Nc4 21.
Bxc4 Qxc4 22. f4 Qd3 23. Rce1 Qxe4 24. f5 Rb2 25. Qh3 Rxa2 26. Bg5 Qb7 27. Bxe7
Qxe7 28. f6 gxf6 29. Re3 Kh8 30. Nf5 Qd8 31. Qh6 Rg8 32. Qxh7+ Kxh7 33. Rh3+
Kg6 34. Rh6+ Kg5 35. h4+ Kg4 36. Ne3+ Kg3 37. Rf3# 1-0

[Event "4NCL Division 3 North"]
[Site "Doncaster, ENG"]
[Date "2017.11.12"]
[Round "2.35"]
[White "Burke, Steven J"]
[Black "Freeman, Gordon"]
[Result "0-1"]
[WhiteElo "1910"]
[BlackElo "2111"]
[PlyCount "116"]
[EventDate "2017.11.12"]
[WhiteTeam "Ashfield-Breadsall 1"]
[BlackTeam "Gonzaga"]

1. Nf3 d5 2. c4 c6 3. b3 Bg4 4. Bb2 e6 5. e3 Nd7 6. Be2 Ngf6 7. O-O Bd6 8. cxd5
exd5 9. Nd4 Bxe2 10. Qxe2 O-O 11. Nf5 Be5 12. d4 Bc7 13. Ba3 Re8 14. Bd6 g6 15.
Bxc7 Qxc7 16. Ng3 h5 17. Rc1 Ng4 18. Nf1 Ndf6 19. h3 Nh6 20. Nbd2 Nf5 21. Qf3
Kg7 22. b4 a6 23. a4 Nd6 24. Rab1 Qd7 25. Nb3 Nfe4 26. Nc5 Qe7 27. Nxe4 Nxe4
28. Rc2 Qg5 29. Nd2 Nd6 30. Rc5 Re6 31. Rbc1 Rae8 32. R5c3 Qh4 33. Nf1 Ne4 34.
R3c2 Rf6 35. Qe2 Rxf2 36. Qxf2 Nxf2 37. Rxf2 Re6 38. Rb1 Rf6 39. Rxf6 Qxf6 40.
b5 cxb5 41. axb5 Qf5 42. Rb2 a5 43. b6 Qd3 44. Kf2 Qc3 45. Ra2 Qb4 46. Nd2 Qxb6
47. Ke1 Qb4 48. Ke2 b5 49. Ra1 Qc3 50. Rb1 b4 51. Rb3 Qc2 52. Rb1 Qc6 53. Nb3
Qc4+ 54. Kd2 a4 55. Nc5 Qa2+ 56. Kc1 b3 57. Rb2 Qa1+ 58. Rb1 Qc3+ 0-1

[Event "4NCL Division 3 North"]
[Site "Doncaster, ENG"]
[Date "2017.11.12"]
[Round "2.36"]
[White "Moran, Stephen"]
[Black "Truman, Richard G"]
[Result "1/2-1/2"]
[WhiteElo "2123"]
[BlackElo "1903"]
[PlyCount "60"]
[EventDate "2017.11.12"]
[WhiteTeam "Gonzaga"]
[BlackTeam "Ashfield-Breadsall 1"]

1. d4 Nf6 2. Nf3 g6 3. c4 Bg7 4. e3 O-O 5. Be2 c5 6. Nc3 cxd4 7. exd4 d5 8.
cxd5 Nxd5 9. Qb3 Nxc3 10. bxc3 Nc6 11. O-O b6 12. Rd1 Na5 13. Qb4 Qc7 14. Bg5
Re8 15. Rac1 Bb7 16. c4 Ba6 17. Bf1 Rad8 18. Qa4 Qd7 19. Qxd7 Rxd7 20. c5 Bxf1
21. Kxf1 h6 22. Bd2 Rc8 23. Bxa5 bxa5 24. Ke2 Rd5 25. Rd3 e5 26. dxe5 Rdxc5 27.
Rxc5 Rxc5 28. Kd2 Bxe5 29. Nxe5 Rxe5 30. Rd7 Rb5 1/2-1/2

[Event "4NCL Division 3 North"]
[Site "Doncaster, ENG"]
[Date "2017.11.12"]
[Round "2.41"]
[White "Bramson, Mike"]
[Black "Clarke, Stuart W"]
[Result "1-0"]
[WhiteElo "1842"]
[BlackElo "2241"]
[PlyCount "57"]
[EventDate "2017.11.12"]
[WhiteTeam "Bradford DCA Knights B"]
[BlackTeam "3Cs 2"]

1. e4 e6 2. d4 d5 3. Nd2 c5 4. Ngf3 cxd4 5. Nxd4 Nc6 6. Nxc6 bxc6 7. Bd3 Nf6 8.
e5 Nd7 9. Nf3 Be7 10. O-O c5 11. c3 a5 12. Re1 Ba6 13. Bf4 g5 14. Bg3 h5 15. h3
Bxd3 16. Qxd3 c4 17. Qc2 Nc5 18. Nd4 Qb6 19. Re2 Ne4 20. Rxe4 dxe4 21. Qxe4 Rc8
22. h4 gxh4 23. Bxh4 Bxh4 24. Qxh4 Qd8 25. Qg3 Kf8 26. Re1 Rg8 27. Qf4 Rg6 28.
Re3 Qg5 29. Nxe6+ 1-0

[Event "4NCL Division 3 North"]
[Site "Doncaster, ENG"]
[Date "2017.11.12"]
[Round "2.42"]
[White "Reeve, Andy K"]
[Black "Patrick, David A"]
[Result "1-0"]
[WhiteElo "2185"]
[BlackElo "1893"]
[PlyCount "87"]
[EventDate "2017.11.12"]
[WhiteTeam "3Cs 2"]
[BlackTeam "Bradford DCA Knights B"]

1. c4 Nf6 2. Nf3 c6 3. g3 d5 4. Bg2 e6 5. O-O Be7 6. Qc2 O-O 7. d3 Nbd7 8. Nbd2
Re8 9. Rb1 Nf8 10. b4 Ng6 11. Bb2 a5 12. a3 axb4 13. axb4 Bd7 14. e4 dxe4 15.
dxe4 Qc7 16. e5 Ng4 17. Qe4 Nh6 18. c5 Ra4 19. Bd4 Nf5 20. Nc4 Nxd4 21. Qxd4
Bc8 22. Rfd1 Rd8 23. Nd6 f6 24. Bh3 Bxd6 25. exd6 Qf7 26. Qc4 Bd7 27. Ra1 Rda8
28. Rxa4 Rxa4 29. Qb3 Ra8 30. Nd4 Nf8 31. Bf1 Qh5 32. Be2 Qe5 33. f4 Qe4 34.
Bf3 Qg6 35. f5 Qf7 36. Be2 Kh8 37. Bc4 Qh5 38. fxe6 Nxe6 39. Bxe6 Bxe6 40. Nxe6
Ra2 41. Qxa2 Qxd1+ 42. Kg2 h5 43. Nf4 h4 44. Qe2 1-0

[Event "4NCL Division 3 North"]
[Site "Doncaster, ENG"]
[Date "2017.11.12"]
[Round "2.43"]
[White "Baxter, Harold"]
[Black "Burke, Mitchell R"]
[Result "0-1"]
[WhiteElo "1853"]
[BlackElo "2072"]
[PlyCount "84"]
[EventDate "2017.11.12"]
[WhiteTeam "Bradford DCA Knights B"]
[BlackTeam "3Cs 2"]

1. Nf3 d6 2. d4 Nf6 3. g3 g6 4. Bg2 Bg7 5. c4 O-O 6. Nc3 Nbd7 7. O-O e5 8. Qc2
Ng4 9. e3 f5 10. h3 Nh6 11. dxe5 dxe5 12. Rd1 c6 13. b4 Qe7 14. c5 a5 15. Ba3
e4 16. Nd4 axb4 17. Bxb4 Nf7 18. Rab1 Kh8 19. Nce2 Nf6 20. Qb3 g5 21. Rd2 Ne5
22. Rbd1 Nd3 23. Rc2 Nd5 24. a3 Bd7 25. Nc1 Ne5 26. Be1 Be8 27. Na2 Nd3 28. Nb4
N5xb4 29. axb4 Bf7 30. Qb1 Bh5 31. f3 Nxe1 32. Rxe1 exf3 33. Nxf3 Bxf3 34. Bxf3
Ra1 35. Qxa1 Bxa1 36. Rxa1 Qxe3+ 37. Kg2 g4 38. Rf1 gxf3+ 39. Rxf3 Qe4 40. Rb2
Rd8 41. Rbf2 Rd3 42. h4 Kg7 0-1

[Event "4NCL Division 3 North"]
[Site "Doncaster, ENG"]
[Date "2017.11.12"]
[Round "2.44"]
[White "Adams, Philip"]
[Black "McCarthy, Damian"]
[Result "1-0"]
[WhiteElo "2117"]
[BlackElo "1851"]
[PlyCount "75"]
[EventDate "2017.11.12"]
[WhiteTeam "3Cs 2"]
[BlackTeam "Bradford DCA Knights B"]

1. e4 c5 2. Nf3 Nc6 3. c3 d5 4. exd5 Qxd5 5. d4 Bg4 6. Be2 cxd4 7. cxd4 e6 8.
Nc3 Qa5 9. h3 Bh5 10. d5 exd5 11. Nd4 Bxe2 12. Qxe2+ Be7 13. Nxc6 bxc6 14. O-O
Kf8 15. Bd2 Qd8 16. Rac1 Nf6 17. Rfe1 Qd7 18. Na4 Ne4 19. Be3 Rc8 20. Qa6 f6
21. f3 Ng5 22. Nc5 Qc7 23. f4 Nxh3+ 24. gxh3 Kf7 25. Qd3 Bd6 26. Qf5 Rce8 27.
b4 Re7 28. Qh5+ g6 29. Qh4 f5 30. Bd4 Rb8 31. Qxh7+ Kf8 32. Rxe7 Qxe7 33. Qxe7+
Kxe7 34. Re1+ Kf7 35. Na6 Rb7 36. Rc1 Bxf4 37. Rxc6 Bg5 38. Rc7+ 1-0

[Event "4NCL Division 3 North"]
[Site "Doncaster, ENG"]
[Date "2017.11.12"]
[Round "2.45"]
[White "Slinger, Tony J"]
[Black "McLean, Robert"]
[Result "0-1"]
[WhiteElo "1866"]
[BlackElo "2012"]
[PlyCount "54"]
[EventDate "2017.11.12"]
[WhiteTeam "Bradford DCA Knights B"]
[BlackTeam "3Cs 2"]

1. e4 e6 2. d3 d5 3. Nd2 Nf6 4. Ngf3 Nc6 5. Be2 dxe4 6. dxe4 Bc5 7. O-O e5 8.
h3 O-O 9. c3 a6 10. Qc2 Qe7 11. Re1 Be6 12. Nf1 Rad8 13. Be3 Bxe3 14. Nxe3 g6
15. b4 Nh5 16. Rad1 Nf4 17. Bc4 Qf6 18. Bxe6 fxe6 19. Ng4 Nxh3+ 20. Kh2 Qf4+
21. Kxh3 h5 22. Ngxe5 Nxe5 23. Nxe5 Qxe5 24. g3 g5 25. Kg2 Qf6 26. Re3 Rxd1 27.
Qxd1 Qxf2+ 0-1

[Event "4NCL Division 3 North"]
[Site "Doncaster, ENG"]
[Date "2017.11.12"]
[Round "2.46"]
[White "Hazlehurst, Cory S"]
[Black "Johnson, Paul A"]
[Result "1/2-1/2"]
[WhiteElo "2065"]
[BlackElo "1840"]
[PlyCount "44"]
[EventDate "2017.11.12"]
[WhiteTeam "3Cs 2"]
[BlackTeam "Bradford DCA Knights B"]

1. d4 d5 2. c4 c6 3. Nf3 Nf6 4. Qc2 e6 5. g3 Nbd7 6. Bg2 Be7 7. O-O O-O 8. b3
Ne4 9. Nbd2 f5 10. Bb2 b6 11. cxd5 cxd5 12. Qc6 Ba6 13. Qxe6+ Kh8 14. Rfe1 Bb7
15. Nxe4 fxe4 16. Ne5 Nxe5 17. Qxe5 Bf6 18. Qh5 g6 19. Qg4 Bc8 20. Qf4 Bg5 21.
Qe5+ Bf6 22. Qf4 Bg5 1/2-1/2

[Event "4NCL Division 3 North"]
[Site "Doncaster, ENG"]
[Date "2017.11.12"]
[Round "2.51"]
[White "Roberts, Paul"]
[Black "Richardson, Alex"]
[Result "1/2-1/2"]
[WhiteElo "2165"]
[BlackElo "2138"]
[PlyCount "30"]
[EventDate "2017.11.12"]
[WhiteTeam "Manchester Manticores 2"]
[BlackTeam "Cheddleton 2"]

1. c4 e6 2. Nf3 d5 3. d4 Nf6 4. Bg5 Nbd7 5. e3 Be7 6. Nc3 O-O 7. Bd3 dxc4 8.
Bxc4 a6 9. O-O b5 10. Bd3 Bb7 11. Qe2 c5 12. Rfd1 Qb8 13. Bf4 Qa7 14. Rac1 Rac8
15. dxc5 Nxc5 1/2-1/2

[Event "4NCL Division 3 North"]
[Site "Doncaster, ENG"]
[Date "2017.11.12"]
[Round "2.52"]
[White "Boswell, Jacob Connor"]
[Black "Hamer, Martyn"]
[Result "1/2-1/2"]
[WhiteElo "2027"]
[BlackElo "2065"]
[PlyCount "35"]
[EventDate "2017.11.12"]
[WhiteTeam "Cheddleton 2"]
[BlackTeam "Manchester Manticores 2"]

1. e4 e5 2. Nf3 Nc6 3. Bb5 Nf6 4. d3 Bc5 5. O-O d6 6. h3 O-O 7. Re1 Ne7 8. c3
Ng6 9. d4 Bb6 10. Nbd2 c6 11. Bd3 Re8 12. Bc2 Bc7 13. Nf1 d5 14. dxe5 Nxe4 15.
Bxe4 dxe4 16. Qxd8 Rxd8 17. Rxe4 Re8 18. Ng3 1/2-1/2